[Event "Francophone-ch rapid"]
[Site "St Laurent"]
[Date "2014.??.??"]
[Round "11"]
[White "Rouzaud, Philippe"]
[Black "Lamard, Guillaume"]
[Result "1/2-1/2"]
[WhiteElo "2280"]
[BlackElo "2307"]
[PlyCount "74"]
[EventDate "2014.07.05"]
[EventType "swiss (rapid)"]
[EventRounds "15"]
[EventCountry "FRA"]
[SourceTitle "CBM 161 Extra"]
[Source "ChessBase"]
[SourceDate "2014.08.29"]
[SourceVersion "1"]
[SourceVersionDate "2014.08.29"]
[SourceQuality "1"]

1. e4 c5 2. c3 d6 3. d4 Nf6 4. f3 e5 5. d5 Be7 6. Be3 0-0 7. Bd3 Na6 8. Ne2 Nc7 9. a4 Bd7 10. 0-0 b6 11. b4 a6 12. Nd2 b5 13. a5 c4 14. Bc2 g6 15. Qe1 Nce8 16. Bb6 Qc8 17. Kh1 Ng7 18. Rg1 h5 19. g3 Nh7 20. f4 f6 21. Rf1 Bh3 22. Rf2 Bd8 23. Be3 Bc7 24. Ng1 Bd7 25. Ngf3 Bb8 26. fxe5 fxe5 27. Ng5 Nf6 28. Bb6 Ng4 29. Rxf8+ Qxf8 30. Kg2 Ba7 31. Bxa7 Rxa7 32. Qe2 Qe7 33. Ngf3 Ra8 34. Rf1 Rf8 35. Nh4 Rxf1 36. Nxf1 Qf6 37. Qf3 Nh6 1/2-1/2

[Event "FRA-chT2 South 0607"]
[Site "France"]
[Date "2007.02.11"]
[Round "7.6"]
[White "Paoli, Laurent"]
[Black "Rouzaud, Philippe"]
[Result "0-1"]
[WhiteElo "1959"]
[BlackElo "2259"]
[PlyCount "79"]
[EventDate "2006.10.15"]
[EventType "team"]
[EventRounds "11"]
[EventCountry "FRA"]
[SourceTitle "EXT 2008"]
[Source "ChessBase"]
[SourceDate "2007.11.25"]
[SourceVersion "1"]
[SourceVersionDate "2007.11.25"]
[SourceQuality "1"]
[WhiteTeam "Grasse"]
[BlackTeam "Nice"]
[WhiteTeamCountry "FRA"]
[BlackTeamCountry "FRA"]

1. Nf3 d5 2. d4 e6 3. c4 Nf6 4. g3 Be7 5. Bg2 0-0 6. 0-0 c5 7. cxd5 exd5 8. Nc3 Nc6 9. Bg5 c4 10. Ne5 Be6 11. Nxc6 bxc6 12. Qc2 h6 13. Bxf6 Bxf6 14. Rfd1 Rc8 15. b3 c5 16. dxc5 cxb3 17. axb3 Rxc5 18. Bxd5 Bxd5 19. Rxd5 Rxd5 20. Nxd5 Bxa1 21. e4 Bd4 22. Qc4 Bb6 23. h4 Qd6 24. Kg2 Qc5 25. Qe2 a5 26. g4 Rb8 27. Qf3 Qxf2+ 28. Qxf2 Bxf2 29. Kxf2 Rxb3 30. Ke2 a4 31. Kd2 a3 32. Kc2 a2 33. Kxb3 a1Q 34. Kc4 Qf1+ 35. Kd4 Qf2+ 36. Kd3 Qxh4 37. Ne3 Qg3 38. Ke2 Kh7 39. Kd2 Kg6 40. Kd3 0-1

[Event "FRA-chT2 South 0607"]
[Site "France"]
[Date "2006.11.26"]
[Round "3.5"]
[White "Sanchez, Nicolas"]
[Black "Rouzaud, Philippe"]
[Result "1-0"]
[WhiteElo "2179"]
[BlackElo "2264"]
[PlyCount "61"]
[EventDate "2006.10.15"]
[EventType "team"]
[EventRounds "11"]
[EventCountry "FRA"]
[SourceTitle "EXT 2008"]
[Source "ChessBase"]
[SourceDate "2007.11.25"]
[SourceVersion "1"]
[SourceVersionDate "2007.11.25"]
[SourceQuality "1"]
[WhiteTeam "Tournefeuille"]
[BlackTeam "Nice"]
[WhiteTeamCountry "FRA"]
[BlackTeamCountry "FRA"]

1. d4 d5 2. Nf3 e6 3. c4 Nf6 4. Nc3 c6 5. Bg5 dxc4 6. e4 b5 7. a4 Bb4 8. e5 h6 9. exf6 hxg5 10. fxg7 Rg8 11. h4 Qf6 12. hxg5 Qxg7 13. g3 Nd7 14. Bg2 Bb7 15. Kf1 Bxc3 16. bxc3 a6 17. Qb1 Qf8 18. Nd2 Rb8 19. axb5 axb5 20. Ne4 Kd8 21. Ra7 Kc8 22. Rh7 Kc7 23. g6 Rxg6 24. Nc5 Rg7 25. Nxb7 Rxb7 26. Rxb7+ Kxb7 27. Qxb5+ Kc7 28. Qxc6+ Kd8 29. Rh8 Qxh8 30. Qa8+ Ke7 31. Qxh8 1-0

[Event "FRA-chT2 South 0607"]
[Site "France"]
[Date "2006.11.25"]
[Round "2.4"]
[White "Benmesbah, Natacha"]
[Black "Rouzaud, Philippe"]
[Result "0-1"]
[WhiteElo "2154"]
[BlackElo "2264"]
[PlyCount "22"]
[EventDate "2006.10.15"]
[EventType "team"]
[EventRounds "11"]
[EventCountry "FRA"]
[SourceTitle "EXT 2008"]
[Source "ChessBase"]
[SourceDate "2007.11.25"]
[SourceVersion "1"]
[SourceVersionDate "2007.11.25"]
[SourceQuality "1"]
[WhiteTeam "Toulouse"]
[BlackTeam "Nice"]
[WhiteTeamCountry "FRA"]
[BlackTeamCountry "FRA"]

1. e4 e6 2. d4 d5 3. Nc3 dxe4 4. Nxe4 Nd7 5. Nf3 Ngf6 6. Nxf6+ Nxf6 7. c3 c5 8. Ne5 a6 9. Bd3 cxd4 10. Qa4+ Nd7 11. Qxd4 Nxe5 0-1

[Event "Montigny le Bretonneux 3rd"]
[Site "Montigny le Bretonneux"]
[Date "2004.10.26"]
[Round "3"]
[White "Rouzaud, Philippe"]
[Black "Hedjazian, Kayhan"]
[Result "1/2-1/2"]
[WhiteElo "2246"]
[BlackElo "2124"]
[PlyCount "96"]
[EventDate "2004.10.??"]
[EventType "swiss"]
[EventRounds "9"]
[EventCountry "FRA"]
[SourceTitle "EXT 2006"]
[Source "ChessBase"]
[SourceDate "2005.11.24"]
[SourceVersion "1"]
[SourceVersionDate "2005.11.24"]
[SourceQuality "1"]

1. e4 e6 2. d4 d5 3. exd5 exd5 4. Nf3 Nf6 5. Bd3 Bd6 6. 0-0 0-0 7. Bg5 Bg4 8. Nbd2 Nbd7 9. c3 c6 10. Qc2 Qc7 11. Rfe1 Rfe8 12. Bf5 Bxf3 13. Nxf3 Bf4 14. g3 Bxg5 15. Nxg5 g6 16. Bd3 Rxe1+ 17. Rxe1 Re8 18. Rxe8+ Nxe8 19. Qe2 Ndf6 20. Nf3 Ng7 21. Kf1 Qd7 22. Qe5 Nfe8 23. Qb8 a6 24. Kg2 Qc7 25. Qa7 Ne6 26. Qa8 Qe7 27. b4 Kg7 28. a4 Nd6 29. h4 Qd8 30. Qxd8 Nxd8 31. Nd2 Ne6 32. Kf3 f5 33. Nb3 Ne4 34. Bxe4 fxe4+ 35. Ke3 Kf6 36. f3 exf3 37. Kxf3 h5 38. g4 Ke7 39. Na5 Nd8 40. Kf4 Kf6 41. g5+ Ke6 42. Nb3 Kd6 43. Kf3 Ne6 44. Nc5 Nxc5 45. dxc5+ Ke5 46. Ke3 Kf5 47. Kf3 Ke5 48. Ke3 Kf5 1/2-1/2

[Event "Condom op 3rd"]
[Site "Condom"]
[Date "2004.07.16"]
[Round "8"]
[White "Marciniak, Gerard"]
[Black "Rouzaud, Philippe"]
[Result "1/2-1/2"]
[WhiteElo "2139"]
[BlackElo "2258"]
[PlyCount "56"]
[EventDate "2004.07.10"]
[EventType "swiss"]
[EventRounds "9"]
[EventCountry "FRA"]
[SourceTitle "CBM 101 Extra"]
[Source "ChessBase"]
[SourceDate "2004.09.01"]
[SourceVersion "2"]
[SourceVersionDate "2004.09.01"]
[SourceQuality "1"]

1. d4 d5 2. Nf3 e6 3. c4 Nf6 4. Nc3 c6 5. Bg5 dxc4 6. e4 b5 7. e5 h6 8. Bh4 g5 9. Nxg5 Nd5 10. Nxf7 Qxh4 11. Nxh8 Bb4 12. Qd2 c5 13. 0-0-0 cxd4 14. Qxd4 Qxd4 15. Rxd4 Bxc3 16. bxc3 Nc6 17. Rg4 Nxe5 18. Rg8+ Ke7 19. Ng6+ Nxg6 20. Rxg6 Nxc3 21. a3 e5 22. g4 Be6 23. Bg2 Rf8 24. Re1 Rxf2 25. Rxe5 Ne2+ 26. Kb1 Nc3+ 27. Kc1 Ne2+ 28. Kb1 Nc3+ 1/2-1/2

[Event "Benidorm Bali op-A"]
[Site "Benidorm"]
[Date "2003.11.23"]
[Round "3"]
[White "Rouzaud, Philippe"]
[Black "Delgado Pico, Lluis"]
[Result "1-0"]
[WhiteElo "2284"]
[BlackElo "2052"]
[PlyCount "101"]
[EventDate "2003.11.21"]
[EventType "swiss"]
[EventRounds "9"]
[EventCountry "ESP"]
[SourceTitle "CBM 097 Extra"]
[Source "ChessBase"]
[SourceDate "2004.01.13"]
[SourceVersion "1"]
[SourceVersionDate "2004.01.13"]
[SourceQuality "1"]

1. e4 d6 2. d4 Nf6 3. f3 g6 4. Be3 Bg7 5. Qd2 Nbd7 6. Bd3 c6 7. a4 e5 8. c3 0-0 9. Ne2 Re8 10. 0-0 d5 11. exd5 Nxd5 12. Bf2 Nf8 13. Na3 Ne6 14. dxe5 Bxe5 15. Nc4 Bg7 16. Rfd1 Qg5 17. Qxg5 Nxg5 18. Nd6 Rd8 19. Nxc8 Rdxc8 20. Bc4 Rd8 21. Bxd5 cxd5 22. Rd3 Rd7 23. Rad1 Rad8 24. Bxa7 Re8 25. Kf2 Ra8 26. Be3 Ne6 27. Rxd5 Rxd5 28. Rxd5 Rxa4 29. Rb5 Nd8 30. Bg5 f6 31. Bf4 Rc4 32. b3 Rc8 33. c4 Bf8 34. Nc3 Rc5 35. Ke2 Rxb5 36. Nxb5 Ne6 37. Be3 Kf7 38. Kd3 Bb4 39. Ke4 Bc5 40. Bxc5 Nxc5+ 41. Kd5 Nxb3 42. Nd6+ Ke7 43. Nxb7 h5 44. c5 Kd7 45. c6+ Kc7 46. Nd6 Kd8 47. Nb5 Nd2 48. Ke6 g5 49. h3 g4 50. fxg4 hxg4 51. h4 1-0

[Event "FRA-chT2 0304"]
[Site "France"]
[Date "2003.11.15"]
[Round "2"]
[White "Rouzaud, Philippe"]
[Black "Chevaldonnet, Francois"]
[Result "1/2-1/2"]
[WhiteElo "2284"]
[BlackElo "2286"]
[PlyCount "148"]
[EventDate "2003.10.??"]
[EventType "team"]
[EventRounds "11"]
[EventCountry "FRA"]
[SourceTitle "EXT 2005"]
[Source "ChessBase"]
[SourceDate "2004.11.15"]
[SourceVersion "1"]
[SourceVersionDate "2004.11.15"]
[SourceQuality "1"]
[WhiteTeam "Creteil"]
[BlackTeam "Besancon ABC"]
[WhiteTeamCountry "FRA"]
[BlackTeamCountry "FRA"]

1. e4 d5 2. exd5 Nf6 3. d4 Nxd5 4. Nf3 Bg4 5. Be2 e6 6. 0-0 Be7 7. c4 Nb6 8. Nc3 0-0 9. Be3 Nc6 10. h3 Bxf3 11. gxf3 Bf6 12. c5 Nd5 13. Ne4 Be7 14. f4 f5 15. Nc3 Bf6 16. Bf3 Nce7 17. Qb3 Rb8 18. Rfe1 c6 19. Nxd5 Nxd5 20. Bxd5 Qxd5 21. Qxd5 exd5 22. Rac1 Rfe8 23. Kf1 Re4 24. f3 Re7 25. b3 Kf7 26. Bf2 Ke8 27. Rxe7+ Kxe7 28. Ke2 Kf7 29. Rg1 Re8+ 30. Kd3 Bd8 31. Re1 Rf8 32. Re5 g6 33. Re1 Bc7 34. Be3 Re8 35. Re2 Kg7 36. Bd2 Rxe2 37. Kxe2 Kh6 38. Kf2 Kh5 39. Kg2 Bd8 40. a3 Bf6 41. Be3 Kh6 42. Kg3 Kg7 43. Kg2 Kf7 44. Kf1 Ke6 45. Ke2 Kd7 46. Bf2 Kc7 47. Kd3 b6 48. cxb6+ Kxb6 49. a4 Be7 50. Be1 Bd6 51. Bd2 Kc7 52. Ke3 Kd7 53. Be1 a6 54. Bh4 Ke6 55. Be1 Kf7 56. Bd2 Be7 57. Ke2 Kg7 58. Kf2 Bh4+ 59. Kf1 Kf7 60. Be1 Bf6 61. Bf2 Be7 62. Ke2 Ba3 63. Be3 Kg7 64. Kf2 Kh6 65. Kg2 Bb2 66. Kg3 Bc3 67. Kg2 Kh5 68. Kg3 Be1+ 69. Kg2 Kh4 70. Kh2 Bc3 71. Bf2+ Kh5 72. Be3 Kh6 73. Kg2 Kg7 74. Kf2 Kf7 1/2-1/2

[Event "FRA-chT2S 0203"]
[Site "France"]
[Date "2002.12.08"]
[Round "4.2"]
[White "Rouzaud, Philippe"]
[Black "Mancini, Mario"]
[Result "0-1"]
[WhiteElo "2205"]
[BlackElo "2301"]
[PlyCount "76"]
[EventDate "2002.10.??"]
[EventType "team"]
[EventRounds "11"]
[EventCountry "FRA"]
[SourceTitle "EXT 2004"]
[Source "ChessBase"]
[SourceDate "2003.11.25"]
[SourceVersion "1"]
[SourceVersionDate "2003.11.25"]
[SourceQuality "1"]
[WhiteTeam "Creteil"]
[BlackTeam "Lille"]
[WhiteTeamCountry "FRA"]
[BlackTeamCountry "FRA"]

1. e4 c5 2. Nf3 d6 3. c3 Nf6 4. Bc4 e6 5. Qe2 Be7 6. Bb3 0-0 7. 0-0 b6 8. Re1 Bb7 9. Bc2 Nc6 10. a3 Ne5 11. d4 Nxf3+ 12. Qxf3 Rc8 13. Bd3 Qd7 14. Qe2 Rfd8 15. Nd2 cxd4 16. cxd4 Qa4 17. Nf3 Rc7 18. Bf4 Rdc8 19. Rac1 Rxc1 20. Rxc1 Rxc1+ 21. Bxc1 Qc6 22. Bg5 h6 23. Bxf6 Bxf6 24. Qd2 b5 25. Kf1 Qb6 26. Qc3 Kf8 27. b4 a6 28. Ke2 g5 29. h3 Qd8 30. Qc1 Qa8 31. Ke3 Bd8 32. Qc3 Bb6 33. Nd2 e5 34. Nb3 exd4+ 35. Nxd4 Qe8 36. f3 Qe5 37. Be2 f5 38. Bd3 f4+ 0-1

[Event "Creteil IM"]
[Site "Creteil"]
[Date "2002.04.25"]
[Round "6"]
[White "Lukov, Valentin"]
[Black "Rouzaud, Philippe"]
[Result "1-0"]
[WhiteElo "2458"]
[BlackElo "2206"]
[PlyCount "123"]
[EventDate "2002.04.20"]
[EventType "tourn"]
[EventRounds "9"]
[EventCountry "FRA"]
[EventCategory "4"]
[SourceTitle "CBM 088 Extra"]
[Source "ChessBase"]
[SourceDate "2002.07.01"]
[SourceVersion "2"]
[SourceVersionDate "2002.07.01"]
[SourceQuality "1"]

1. Nf3 d5 2. c4 e6 3. d4 c6 4. Qc2 Nf6 5. Nbd2 Be7 6. g3 0-0 7. Bg2 b6 8. 0-0 Bb7 9. e4 dxc4 10. Nxc4 c5 11. e5 Nd5 12. dxc5 bxc5 13. Rd1 h6 14. Bd2 Nc6 15. Rac1 Rc8 16. Qe4 Qc7 17. Qg4 Kh7 18. Bf1 f5 19. exf6 Rxf6 20. Bd3+ Kg8 21. Be4 Rcf8 22. Be1 Kh8 23. Nh4 Rd8 24. Ng6+ Kg8 25. Qh5 Nd4 26. Ba5 Nb6 27. Qg4 Nf3+ 28. Kg2 Rxd1 29. Rxd1 Ng5 30. Nxe7+ Qxe7 31. Nd6 Nxe4 32. Nxe4 Rf5 33. Bc3 Nd5 34. Kg1 Nxc3 35. bxc3 Bd5 36. c4 Bxc4 37. Nd6 Bxa2 38. Nxf5 exf5 39. Qxf5 Bf7 40. Rd7 Qe8 41. Qd3 c4 42. Qd4 Qe1+ 43. Kg2 a5 44. Ra7 c3 45. Rc7 Qe6 46. Qxc3 Qe4+ 47. Qf3 Qxf3+ 48. Kxf3 a4 49. Ra7 Bb3 50. h4 Kh7 51. Kf4 Kg6 52. Ke5 Kh7 53. f4 Kg8 54. f5 Bd1 55. Kf4 Bb3 56. g4 Kh8 57. g5 hxg5+ 58. hxg5 Kg8 59. g6 Kf8 60. Kg5 Bc2 61. Ra8+ Ke7 62. Rg8 1-0

[Event "Creteil IM"]
[Site "Creteil"]
[Date "2002.04.21"]
[Round "2"]
[White "Rouzaud, Philippe"]
[Black "Onkoud, Abdelaziz"]
[Result "1/2-1/2"]
[WhiteElo "2206"]
[BlackElo "2317"]
[PlyCount "91"]
[EventDate "2002.04.20"]
[EventType "tourn"]
[EventRounds "9"]
[EventCountry "FRA"]
[EventCategory "4"]
[SourceTitle "CBM 088 Extra"]
[Source "ChessBase"]
[SourceDate "2002.07.01"]
[SourceVersion "2"]
[SourceVersionDate "2002.07.01"]
[SourceQuality "1"]

1. e4 c5 2. c3 Nf6 3. e5 Nd5 4. d4 cxd4 5. Nf3 Nc6 6. Bc4 Nb6 7. Bb3 g6 8. Ng5 d5 9. exd6 e6 10. Qf3 Ne5 11. Qe4 Bxd6 12. Qxd4 Bc7 13. Qxd8+ Bxd8 14. Ke2 Bd7 15. a4 Bc6 16. f3 0-0 17. Ne4 Bxe4 18. fxe4 Bf6 19. Rf1 Bg7 20. Nd2 Rac8 21. a5 Nbd7 22. a6 b6 23. Nf3 Nc5 24. Bc2 Nc4 25. Ra2 Nd6 26. e5 Nc4 27. Bf4 Nd7 28. Rd1 Ndxe5 29. Bxe5 Nxe5 30. Nxe5 Bxe5 31. Rd7 Rc7 32. Rxc7 Bxc7 33. h3 Rd8 34. Ra4 Kf8 35. Rc4 Bd6 36. Be4 Ke7 37. Bb7 Be5 38. Rc6 h5 39. b4 g5 40. b5 g4 41. hxg4 hxg4 42. c4 Rd6 43. Rc8 Rd8 44. Rc6 Rd6 45. Rc8 Rd8 46. Rc6 1/2-1/2

[Event "FRA-chT2"]
[Site "France"]
[Date "2002.01.??"]
[Round "6"]
[White "Mourot, Felix"]
[Black "Rouzaud, Philippe"]
[Result "0-1"]
[WhiteElo "2052"]
[BlackElo "2217"]
[PlyCount "58"]
[EventDate "2002.??.??"]
[EventType "team"]
[EventRounds "11"]
[EventCountry "FRA"]
[SourceTitle "EXT 2003"]
[Source "ChessBase"]
[SourceDate "2002.11.25"]
[SourceVersion "1"]
[SourceVersionDate "2002.11.25"]
[SourceQuality "1"]

1. d4 d5 2. c4 e5 3. dxe5 d4 4. Nf3 Nc6 5. g3 Bg4 6. Bg2 Qd7 7. 0-0 0-0-0 8. Qb3 Nge7 9. Bg5 Bh3 10. Nbd2 Bxg2 11. Kxg2 h6 12. Bxe7 Qxe7 13. Qa4 g5 14. Nb3 g4 15. Nfd2 Qxe5 16. Rfe1 Bb4 17. Rad1 h5 18. Nc1 Bxd2 19. Rxd2 Qe4+ 20. Kg1 h4 21. Qc2 d3 22. Rxd3 Nd4 23. Qc3 hxg3 24. Rxg3 Rxh2 25. f3 Qh7 26. Rxg4 Rh1+ 27. Kf2 Qh2+ 28. Ke3 Rxe1 29. Rxd4 Qg1+ 0-1

[Event "FRA-chT2"]
[Site "France"]
[Date "2002.01.??"]
[Round "5"]
[White "Rouzaud, Philippe"]
[Black "Bastian, Herbert"]
[Result "0-1"]
[WhiteElo "2217"]
[BlackElo "2360"]
[PlyCount "112"]
[EventDate "2002.??.??"]
[EventType "team"]
[EventRounds "11"]
[EventCountry "FRA"]
[SourceTitle "EXT 2003"]
[Source "ChessBase"]
[SourceDate "2002.11.25"]
[SourceVersion "1"]
[SourceVersionDate "2002.11.25"]
[SourceQuality "1"]

1. e4 c5 2. Nf3 Nf6 3. e5 Nd5 4. d4 cxd4 5. c3 e6 6. cxd4 Nc6 7. a3 d6 8. Bd3 Bd7 9. 0-0 Rc8 10. Qe2 Na5 11. Nc3 Nxc3 12. bxc3 d5 13. Bd2 Nc4 14. a4 Qa5 15. Rfc1 h6 16. Be1 Be7 17. g3 Qc7 18. Nd2 Nb2 19. Bb5 a6 20. Bxd7+ Qxd7 21. c4 Nxa4 22. c5 0-0 23. Nb3 f6 24. exf6 Bxf6 25. Qa2 b5 26. cxb6 Nxb6 27. Rxc8 Rxc8 28. Qxa6 Nc4 29. Rc1 Qe8 30. Qa1 Ra8 31. Qc3 Qb5 32. Ra1 Rxa1 33. Nxa1 Qb1 34. Nc2 Qd1 35. Kg2 Kh7 36. h3 Kg6 37. Kh2 e5 38. dxe5 Nxe5 39. Kg2 Nd3 40. Qc8 Nxe1+ 41. Nxe1 Qxe1 42. Qg4+ Bg5 43. h4 Qe4+ 44. Qxe4+ dxe4 45. hxg5 Kxg5 46. Kf1 Kg4 47. Ke2 h5 48. Ke3 g5 49. Kxe4 h4 50. gxh4 gxh4 51. f3+ Kg3 52. f4 h3 53. f5 h2 54. f6 h1Q+ 55. Kf5 Qh6 56. Ke6 Qf8 0-1

[Event "FRA-chT2"]
[Site "France"]
[Date "2001.12.??"]
[Round "4"]
[White "Rouzaud, Philippe"]
[Black "Herb, Pascal"]
[Result "1/2-1/2"]
[WhiteElo "2225"]
[BlackElo "2311"]
[PlyCount "60"]
[EventDate "2002.??.??"]
[EventType "team"]
[EventRounds "11"]
[EventCountry "FRA"]
[SourceTitle "EXT 2003"]
[Source "ChessBase"]
[SourceDate "2002.11.25"]
[SourceVersion "1"]
[SourceVersionDate "2002.11.25"]
[SourceQuality "1"]

1. e4 g6 2. d4 Nf6 3. e5 Nh5 4. Be2 d6 5. f4 Ng7 6. Nf3 dxe5 7. Nxe5 Nd7 8. 0-0 Nf6 9. Bf3 Nf5 10. c3 Bg7 11. Qe2 0-0 12. g3 c6 13. Nd2 Qc7 14. b3 Be6 15. Bb2 Rad8 16. b4 Nd5 17. Ndc4 b6 18. Rfd1 Bc8 19. Be4 Ba6 20. Bd3 Bb7 21. a4 c5 22. dxc5 bxc5 23. b5 f6 24. Ng4 Nxf4 25. gxf4 Rxd3 26. Rxd3 Qxf4 27. Nd2 h5 28. Ne3 Bh6 29. Nxf5 Qxf5 30. Rf1 Qg5+ 1/2-1/2